[Event "Titled Tuesday intern op 19th Sep Late"]
[Site "Chess.com INT"]
[Date "2023.09.19"]
[Round "8"]
[White "Chlpik, Martin"]
[Black "Su, Dion"]
[Result "0-1"]
[WhiteElo "2321"]
[BlackElo "1922"]
[PlyCount "92"]
[EventDate "2023.09.19"]
[EventType "swiss (blitz)"]
[EventRounds "11"]
[EventCountry "USA"]
[SourceTitle "EXT 2024"]
[Source "ChessBase"]
[SourceDate "2023.10.10"]
[SourceVersion "1"]
[SourceVersionDate "2023.10.10"]
[SourceQuality "1"]

1. d4 Nf6 2. c4 e6 3. Nf3 Bb4+ 4. Bd2 Qe7 5. g3 Nc6 6. Bg2 Bxd2+ 7. Nbxd2 0-0 8. e4 d6 9. 0-0 e5 10. d5 Nb8 11. c5 Na6 12. cxd6 cxd6 13. Qe2 Bd7 14. Rfc1 Rac8 15. a3 Qd8 16. b4 Nc7 17. Nc4 Bb5 18. a4 Bxc4 19. Rxc4 Na6 20. Rac1 Rxc4 21. Qxc4 Qb6 22. b5 Nc5 23. Nxe5 Ncxe4 24. Bxe4 dxe5 25. Bf3 h5 26. Qc5 Qa5 27. Qe7 e4 28. Bg2 Qd2 29. Rc7 Qd1+ 30. Bf1 Nxd5 31. Qd7 e3 32. fxe3 Qf3 33. Rxb7 Nxe3 34. Qd3 Qxb7 35. Qxe3 Qb6 36. Kf2 Re8 37. Qxb6 axb6 38. Bg2 Rd8 39. Bc6 Rd4 40. a5 bxa5 41. b6 Rb4 42. b7 a4 43. Ke3 a3 44. Bd5 Rxb7 45. Ba2 Rb2 46. Bc4 a2 0-1

[Event "Titled Tuesday intern op 19th Sep Late"]
[Site "Chess.com INT"]
[Date "2023.09.19"]
[Round "11"]
[White "Pinheiro, Iung Alicio"]
[Black "Su, Dion"]
[Result "1-0"]
[WhiteElo "2306"]
[BlackElo "1922"]
[PlyCount "77"]
[EventDate "2023.09.19"]
[EventType "swiss (blitz)"]
[EventRounds "11"]
[EventCountry "USA"]
[SourceTitle "EXT 2024"]
[Source "ChessBase"]
[SourceDate "2023.10.10"]
[SourceVersion "1"]
[SourceVersionDate "2023.10.10"]
[SourceQuality "1"]

1. d4 Nf6 2. Nf3 e6 3. Bg5 d5 4. Nbd2 Be7 5. e3 0-0 6. Bd3 Nbd7 7. Ne5 Nxe5 8. dxe5 Nd7 9. Bf4 c5 10. c3 b6 11. h4 f5 12. g4 c4 13. Bc2 Nc5 14. Nf3 fxg4 15. Ng5 h5 16. f3 Bb7 17. Rg1 Bxg5 18. hxg5 d4 19. cxd4 Bxf3 20. Qd2 Ne4 21. Qh2 g6 22. Rf1 Nxg5 23. Bxg6 Qe7 24. Qxh5 Qb4+ 25. Kf2 Qd2+ 26. Kg3 Qg2+ 27. Kh4 Qh3+ 28. Kxg5 Qxh5+ 29. Kxh5 Kg7 30. Bh6+ Kg8 31. Bxf8 Rxf8 32. Kg5 Kg7 33. Rf2 Rh8 34. Raf1 b5 35. Rxf3 gxf3 36. Rxf3 Rh2 37. Rf7+ Kg8 38. Rxa7 Rxb2 39. Kf6 1-0

[Event "Titled Tuesday intern op 19th Sep Late"]
[Site "Chess.com INT"]
[Date "2023.09.19"]
[Round "10"]
[White "Su, Dion"]
[Black "Osmonbekov, Talaibek D"]
[Result "1-0"]
[WhiteElo "1922"]
[BlackElo "2137"]
[PlyCount "47"]
[EventDate "2023.09.19"]
[EventType "swiss (blitz)"]
[EventRounds "11"]
[EventCountry "USA"]
[SourceTitle "EXT 2024"]
[Source "ChessBase"]
[SourceDate "2023.10.10"]
[SourceVersion "1"]
[SourceVersionDate "2023.10.10"]
[SourceQuality "1"]

1. e4 c5 2. Nf3 d6 3. d4 cxd4 4. Nxd4 Nf6 5. Nc3 g6 6. Be3 Bg7 7. f3 0-0 8. Qd2 Nc6 9. Bc4 Bd7 10. 0-0-0 Rc8 11. Bb3 Nxd4 12. Bxd4 b5 13. h4 a5 14. h5 a4 15. Bxf6 exf6 16. Bd5 b4 17. Ne2 Qb6 18. hxg6 hxg6 19. Kb1 f5 20. Nf4 Bc3 21. Qc1 Kg7 22. Nh5+ Kg8 23. Qh6 gxh5 24. Rxh5 1-0

[Event "Titled Tuesday intern op 12th Sep Late"]
[Site "Chess.com INT"]
[Date "2023.09.12"]
[Round "3"]
[White "Nasir, Zehn"]
[Black "Su, Dion"]
[Result "1-0"]
[WhiteElo "2057"]
[BlackElo "1922"]
[PlyCount "87"]
[EventDate "2023.09.12"]
[EventType "swiss (blitz)"]
[EventRounds "11"]
[EventCountry "USA"]
[SourceTitle "EXT 2024"]
[Source "ChessBase"]
[SourceDate "2023.10.10"]
[SourceVersion "1"]
[SourceVersionDate "2023.10.10"]
[SourceQuality "1"]

1. d4 Nf6 2. Bf4 e6 3. e3 d5 4. Nd2 Bd6 5. Bg3 Nc6 6. Ngf3 Qe7 7. Ne5 0-0 8. c3 Nd7 9. f4 f6 10. Nxc6 bxc6 11. Bd3 e5 12. 0-0 exd4 13. e4 Nc5 14. Qf3 dxc3 15. bxc3 Nxd3 16. Qxd3 Be6 17. Rae1 Qf7 18. f5 Bd7 19. Bxd6 cxd6 20. exd5 cxd5 21. Nb3 Rfe8 22. Nd4 Re5 23. Qa6 Rae8 24. Rb1 g6 25. Qxa7 Bxf5 26. Rb7 R8e7 27. Rxe7 Rxe7 28. Qb8+ Re8 29. Qxd6 Be4 30. Qxf6 Qxf6 31. Rxf6 Rb8 32. Nb3 Rc8 33. Nd2 Rxc3 34. Nxe4 dxe4 35. Rf2 e3 36. Rf1 Rc2 37. Ra1 e2 38. Kf2 Rd2 39. Ke1 Rb2 40. a4 Kf7 41. a5 Rb7 42. Kxe2 Ra7 43. Kf3 Ke6 44. a6 1-0

[Event "Titled Tuesday intern op 12th Sep Late"]
[Site "Chess.com INT"]
[Date "2023.09.12"]
[Round "2"]
[White "Su, Dion"]
[Black "Kosakowski, Jakub"]
[Result "0-1"]
[WhiteElo "1922"]
[BlackElo "2494"]
[PlyCount "56"]
[EventDate "2023.09.12"]
[EventType "swiss (blitz)"]
[EventRounds "11"]
[EventCountry "USA"]
[SourceTitle "EXT 2024"]
[Source "ChessBase"]
[SourceDate "2023.10.10"]
[SourceVersion "1"]
[SourceVersionDate "2023.10.10"]
[SourceQuality "1"]

1. e4 c6 2. Nf3 d5 3. Nc3 Bg4 4. h3 Bxf3 5. Qxf3 e6 6. d3 Nd7 7. g3 Bb4 8. a3 Ba5 9. exd5 cxd5 10. Bd2 Ne7 11. Bg2 0-0 12. 0-0 Nf5 13. b4 Bb6 14. Na4 Bc7 15. c4 Ne5 16. Qd1 dxc4 17. Bxb7 Rb8 18. Bg2 cxd3 19. Rc1 Nd4 20. Kh2 Ne2 21. Rc5 Bd6 22. Ra5 h5 23. Nc5 h4 24. Nxd3 hxg3+ 25. fxg3 Ng4+ 26. hxg4 Qh4+ 27. Bh3 Qxg3+ 28. Kh1 Qxh3# 0-1

[Event "Titled Tuesday intern op 05th Sep Late"]
[Site "Chess.com INT"]
[Date "2023.09.05"]
[Round "5"]
[White "Ambartsumova, Karina"]
[Black "Su, Dion"]
[Result "1-0"]
[WhiteElo "2418"]
[BlackElo "1922"]
[PlyCount "73"]
[EventDate "2023.09.05"]
[EventType "swiss (blitz)"]
[EventRounds "11"]
[EventCountry "USA"]
[SourceTitle "EXT 2024"]
[Source "ChessBase"]
[SourceDate "2023.10.10"]
[SourceVersion "1"]
[SourceVersionDate "2023.10.10"]
[SourceQuality "1"]

1. c4 Nf6 2. Nc3 e6 3. d4 Bb4 4. Qc2 Nc6 5. Nf3 d6 6. a3 Bxc3+ 7. Qxc3 0-0 8. Bg5 h6 9. Bh4 Re8 10. Qc2 g5 11. Bg3 g4 12. Nh4 Nxd4 13. Qd1 e5 14. e3 Nf5 15. Bd3 e4 16. Be2 h5 17. Nxf5 Bxf5 18. Bh4 Re6 19. h3 Qc8 20. Qd4 c5 21. Qc3 Nh7 22. hxg4 hxg4 23. Bg3 Rg6 24. 0-0-0 Qe6 25. Rxd6 Qe7 26. Rxg6+ fxg6 27. Rd1 Rd8 28. Rxd8+ Qxd8 29. Qe5 b6 30. Qb8 Qxb8 31. Bxb8 a6 32. Ba7 b5 33. cxb5 axb5 34. Bxb5 g3 35. fxg3 Nf6 36. Bxc5 Ng4 37. a4 1-0

[Event "Titled Tuesday intern op 05th Sep Late"]
[Site "Chess.com INT"]
[Date "2023.09.05"]
[Round "6"]
[White "Kiewra, Keaton F"]
[Black "Su, Dion"]
[Result "1-0"]
[WhiteElo "2300"]
[BlackElo "1922"]
[PlyCount "57"]
[EventDate "2023.09.05"]
[EventType "swiss (blitz)"]
[EventRounds "11"]
[EventCountry "USA"]
[SourceTitle "EXT 2024"]
[Source "ChessBase"]
[SourceDate "2023.10.10"]
[SourceVersion "1"]
[SourceVersionDate "2023.10.10"]
[SourceQuality "1"]

1. d4 Nf6 2. Bg5 d5 3. Nd2 Nbd7 4. Ngf3 e6 5. Ne5 Be7 6. e3 Nxe5 7. dxe5 Nd7 8. Bxe7 Qxe7 9. f4 f6 10. exf6 Qxf6 11. c3 0-0 12. Nf3 c6 13. Bd3 e5 14. fxe5 Nxe5 15. 0-0 Bg4 16. Be2 Bxf3 17. Bxf3 Qg5 18. Qe2 Rae8 19. Rae1 Rf6 20. Rf2 Ref8 21. Ref1 Nc4 22. Re1 Ne5 23. Ref1 Nc4 24. e4 Nd2 25. Qxd2 Qxd2 26. Rxd2 dxe4 27. Be2 e3 28. Rxf6 Rxf6 29. Rd3 1-0

[Event "Titled Tuesday intern op 05th Sep Late"]
[Site "Chess.com INT"]
[Date "2023.09.05"]
[Round "3"]
[White "Su, Dion"]
[Black "Leenhouts, Koen"]
[Result "1-0"]
[WhiteElo "1922"]
[BlackElo "2444"]
[PlyCount "71"]
[EventDate "2023.09.05"]
[EventType "swiss (blitz)"]
[EventRounds "11"]
[EventCountry "USA"]
[SourceTitle "EXT 2024"]
[Source "ChessBase"]
[SourceDate "2023.10.10"]
[SourceVersion "1"]
[SourceVersionDate "2023.10.10"]
[SourceQuality "1"]

1. e4 c5 2. Nf3 e6 3. d4 cxd4 4. Nxd4 Nc6 5. Nc3 Qc7 6. g3 a6 7. Bg2 Nf6 8. 0-0 Nxd4 9. Qxd4 Bc5 10. Qd3 d6 11. h3 Nd7 12. Kh2 Ne5 13. Qe2 h5 14. f4 Ng4+ 15. Kh1 Bd7 16. f5 0-0-0 17. Bf4 Ne5 18. Rad1 Bc6 19. a3 Ba7 20. b3 Kb8 21. Na2 exf5 22. Nb4 Bxe4 23. Bxe4 fxe4 24. Qxe4 Rhe8 25. c4 Bc5 26. Nd5 Qc6 27. Qg2 f6 28. b4 Ba7 29. b5 Qxc4 30. b6 Bxb6 31. Nxb6 Qc6 32. Nd5 Nc4 33. Rc1 Rc8 34. Rc3 Qb5 35. Rfc1 Ka8 36. Rxc4 1-0

[Event "Titled Tuesday intern op 05th Sep Late"]
[Site "Chess.com INT"]
[Date "2023.09.05"]
[Round "4"]
[White "Su, Dion"]
[Black "Martin Fuentes, Alberto"]
[Result "0-1"]
[WhiteElo "1922"]
[BlackElo "2376"]
[PlyCount "86"]
[EventDate "2023.09.05"]
[EventType "swiss (blitz)"]
[EventRounds "11"]
[EventCountry "USA"]
[SourceTitle "EXT 2024"]
[Source "ChessBase"]
[SourceDate "2023.10.10"]
[SourceVersion "1"]
[SourceVersionDate "2023.10.10"]
[SourceQuality "1"]

1. e4 e6 2. d4 d5 3. Nc3 Bb4 4. e5 Ne7 5. Nf3 b6 6. Bb5+ c6 7. Bd3 Ba6 8. 0-0 Bxd3 9. Qxd3 Bxc3 10. Qxc3 0-0 11. Bg5 h6 12. Bh4 Qc7 13. Bxe7 Qxe7 14. Qd3 c5 15. c4 dxc4 16. Qxc4 cxd4 17. Nxd4 Nd7 18. Qe2 Qc5 19. Nf3 Rfd8 20. Rac1 Qa5 21. Rfd1 Nf8 22. a3 Ng6 23. g3 Ne7 24. Rc7 Rxd1+ 25. Qxd1 Nd5 26. Rc4 Qb5 27. Qe2 Rd8 28. Nd4 Qd7 29. a4 Ne7 30. Nb5 Ng6 31. Rd4 Qe7 32. Rxd8+ Qxd8 33. Nxa7 Qa8 34. Qa6 Nxe5 35. Qc8+ Qxc8 36. Nxc8 Nd7 37. b4 Kf8 38. a5 bxa5 39. bxa5 Nc5 40. Nd6 Ke7 41. Nb7 Na6 42. Kf1 Kd7 43. Ke2 Kc7 0-1

[Event "Titled Tuesday intern op 05th Sep Late"]
[Site "Chess.com INT"]
[Date "2023.09.05"]
[Round "11"]
[White "Su, Dion"]
[Black "Yeritsyan, Hayk"]
[Result "1-0"]
[WhiteElo "1922"]
[BlackElo "2179"]
[PlyCount "59"]
[EventDate "2023.09.05"]
[EventType "swiss (blitz)"]
[EventRounds "11"]
[EventCountry "USA"]
[SourceTitle "EXT 2024"]
[Source "ChessBase"]
[SourceDate "2023.10.10"]
[SourceVersion "1"]
[SourceVersionDate "2023.10.10"]
[SourceQuality "1"]

1. e4 c6 2. Nf3 d5 3. Nc3 Bg4 4. h3 Bxf3 5. Qxf3 e6 6. d3 Nf6 7. g3 Be7 8. Bg2 0-0 9. 0-0 Na6 10. Qe2 Nc5 11. e5 Nfd7 12. d4 Na6 13. Nd1 c5 14. c3 cxd4 15. cxd4 Nb4 16. Be3 Rc8 17. Nc3 Qb6 18. f4 Nc6 19. Rad1 Na5 20. f5 Nc4 21. f6 gxf6 22. Bh6 Kh8 23. Bxf8 Bxf8 24. Qh5 Kg8 25. exf6 Nxb2 26. Rf4 Nxd1 27. Qg5+ Kh8 28. Rg4 Qxd4+ 29. Rxd4 Nxc3 30. Rg4 1-0

[Event "Titled Tuesday intern op 29th Aug Late"]
[Site "Chess.com INT"]
[Date "2023.08.29"]
[Round "2"]
[White "Ambartsumova, Karina"]
[Black "Su, Dion"]
[Result "1-0"]
[WhiteElo "2393"]
[BlackElo "1922"]
[PlyCount "53"]
[EventDate "2023.08.29"]
[EventType "swiss (blitz)"]
[EventRounds "11"]
[EventCountry "USA"]
[SourceTitle "EXT 2024"]
[Source "ChessBase"]
[SourceDate "2023.10.10"]
[SourceVersion "1"]
[SourceVersionDate "2023.10.10"]
[SourceQuality "1"]

1. e4 e6 2. d4 d5 3. Nc3 Nf6 4. e5 Nfd7 5. f4 c5 6. Nf3 Nc6 7. Be3 Be7 8. Qd2 a6 9. dxc5 Nxc5 10. 0-0-0 b5 11. Kb1 b4 12. Ne2 Ne4 13. Qe1 Rb8 14. Nfd4 Nxd4 15. Bxd4 Qa5 16. Ka1 Bd7 17. Ng3 Bc6 18. Bd3 0-0 19. Nxe4 dxe4 20. Bxe4 Bxe4 21. Qxe4 b3 22. cxb3 Rxb3 23. f5 exf5 24. Qxf5 Rb5 25. Qd7 Bg5 26. e6 fxe6 27. Qxg7# 1-0

[Event "Titled Tuesday intern op 29th Aug Late"]
[Site "Chess.com INT"]
[Date "2023.08.29"]
[Round "3"]
[White "Su, Dion"]
[Black "Novikova, Margarita"]
[Result "1-0"]
[WhiteElo "1922"]
[BlackElo "1995"]
[PlyCount "103"]
[EventDate "2023.08.29"]
[EventType "swiss (blitz)"]
[EventRounds "11"]
[EventCountry "USA"]
[SourceTitle "EXT 2024"]
[Source "ChessBase"]
[SourceDate "2023.10.10"]
[SourceVersion "1"]
[SourceVersionDate "2023.10.10"]
[SourceQuality "1"]

1. e4 e5 2. Nf3 Nc6 3. Bb5 Nf6 4. d3 d6 5. 0-0 a6 6. Ba4 b5 7. Bb3 Be7 8. c3 0-0 9. Re1 Na5 10. Bc2 c5 11. Nbd2 Bg4 12. Nf1 Qc7 13. Ng3 g6 14. h3 Bd7 15. Bh6 Rfe8 16. Qd2 Nc6 17. Rac1 Be6 18. a3 Na5 19. Nf5 Bxf5 20. exf5 Qd7 21. b4 Nc6 22. d4 cxd4 23. cxd4 Nxd4 24. Nxd4 exd4 25. Qxd4 Rac8 26. Bd3 Nh5 27. Rxc8 Rxc8 28. Qg4 Bf8 29. fxg6 Qxg4 30. gxh7+ Kh8 31. hxg4 Nf6 32. Bxf8 Rxf8 33. Re3 Nxg4 34. Re7 Nf6 35. Ra7 Nxh7 36. Rxa6 Rb8 37. Rxd6 Ng5 38. f4 Ne6 39. g3 Kg7 40. Rd5 Nc7 41. Rc5 Rb7 42. g4 Kf6 43. g5+ Ke7 44. Be4 Ra7 45. f5 Ne8 46. Bc6 Nd6 47. Re5+ Kf8 48. f6 Rxa3 49. Rd5 Rg3+ 50. Kh2 Rg4 51. Rxd6 Rh4+ 52. Kg3 1-0

[Event "Titled Tuesday intern op 29th Aug Late"]
[Site "Chess.com INT"]
[Date "2023.08.29"]
[Round "6"]
[White "Su, Dion"]
[Black "Vovk, Orest"]
[Result "0-1"]
[WhiteElo "1922"]
[BlackElo "2315"]
[PlyCount "54"]
[EventDate "2023.08.29"]
[EventType "swiss (blitz)"]
[EventRounds "11"]
[EventCountry "USA"]
[SourceTitle "EXT 2024"]
[Source "ChessBase"]
[SourceDate "2023.10.10"]
[SourceVersion "1"]
[SourceVersionDate "2023.10.10"]
[SourceQuality "1"]

1. e4 g6 2. d4 Nf6 3. Nc3 d5 4. e5 Ne4 5. Nce2 f6 6. f3 Ng5 7. Bxg5 fxg5 8. Qd2 g4 9. 0-0-0 Bg7 10. Kb1 0-0 11. f4 Bf5 12. Ng3 e6 13. Nxf5 Rxf5 14. Bd3 Rf7 15. g3 c5 16. c3 cxd4 17. cxd4 Nc6 18. Bc2 Qa5 19. Qe3 Rc8 20. a3 Rfc7 21. Bd3 Qa4 22. Ne2 Na5 23. h3 gxh3 24. g4 Bf8 25. f5 Bxa3 26. fxg6 Bxb2 27. Kxb2 Rc2+ 0-1

[Event "Titled Tuesday intern op 29th Aug Late"]
[Site "Chess.com INT"]
[Date "2023.08.29"]
[Round "4"]
[White "Su, Dion"]
[Black "Zakarian, David"]
[Result "1-0"]
[WhiteElo "1922"]
[BlackElo "2305"]
[PlyCount "59"]
[EventDate "2023.08.29"]
[EventType "swiss (blitz)"]
[EventRounds "11"]
[EventCountry "USA"]
[SourceTitle "EXT 2024"]
[Source "ChessBase"]
[SourceDate "2023.10.10"]
[SourceVersion "1"]
[SourceVersionDate "2023.10.10"]
[SourceQuality "1"]

1. e4 c5 2. Nf3 e6 3. d4 cxd4 4. Nxd4 a6 5. Bd3 Nf6 6. Nc3 Qc7 7. 0-0 Nc6 8. Nb3 b5 9. a3 Bb7 10. f4 d6 11. Kh1 Be7 12. Qe2 0-0 13. Rf3 b4 14. Na4 Na5 15. Nxa5 Qxa5 16. axb4 Qxb4 17. Bd2 Qd4 18. Bc3 Qa7 19. Rh3 Bc6 20. e5 Ne4 21. Bxe4 Bxe4 22. Qxe4 g6 23. exd6 Bxd6 24. f5 exf5 25. Qh4 f6 26. Bxf6 Rae8 27. Qc4+ Qf7 28. Qxf7+ Rxf7 29. Bc3 Re4 30. Rd3 1-0

[Event "Red River Shootout 08th"]
[Site "Davis"]
[Date "2010.04.18"]
[Round "2"]
[White "Crockett, James M"]
[Black "Su, Dion"]
[Result "1-0"]
[WhiteElo "2044"]
[BlackElo "1452"]
[PlyCount "123"]
[EventDate "2010.04.18"]
[EventType "team-match"]
[EventRounds "2"]
[EventCountry "USA"]
[SourceTitle "CBM 136 Extra"]
[Source "ChessBase"]
[SourceDate "2010.07.02"]
[SourceVersion "2"]
[SourceVersionDate "2010.07.15"]
[SourceQuality "1"]

1. Nf3 Nf6 2. c4 g6 3. Nc3 Bg7 4. e4 d6 5. d4 0-0 6. Be2 e5 7. 0-0 Nc6 8. d5 Ne7 9. b4 Nd7 10. Nd2 f5 11. a4 a5 12. Ba3 axb4 13. Bxb4 b6 14. a5 bxa5 15. Rxa5 Rb8 16. Nb5 Bb7 17. Ra7 Nc8 18. Ra3 f4 19. Nb3 Nf6 20. Ba5 Nb6 21. c5 dxc5 22. Nxc5 Qe7 23. d6 cxd6 24. Nxd6 Bxe4 25. Ndxe4 Nxe4 26. Qb3+ Kh8 27. Nxe4 Nc4 28. Qxc4 Qxa3 29. Qc3 Rb3 30. Qc5 Qxc5 31. Nxc5 Rb2 32. Bd3 Ra2 33. Bc3 Rc8 34. Ne4 Ra3 35. Rc1 Rd8 36. Be2 Rc8 37. f3 Kg8 38. Kf2 Bf8 39. Ke1 Raxc3 40. Nxc3 Bb4 41. Kd2 Rd8+ 42. Kc2 Kg7 43. Bd3 h5 44. Rb1 Bxc3 45. Kxc3 Rd6 46. Be4 g5 47. Rb7+ Kf6 48. Rh7 Rd8 49. Rxh5 Rc8+ 50. Kb4 Rb8+ 51. Kc5 Rb2 52. Rh6+ Kf7 53. Kd5 Rb5+ 54. Kc6 Rb2 55. Kd6 Rxg2 56. Kxe5 Kg7 57. Rh7+ Kg8 58. Rh5 g4 59. Kxf4 gxf3 60. Bxf3 Rg7 61. Bd5+ Kf8 62. h4 1-0